Catálogo público

Frutales de Hoja Perenne / (Record no. 172547)

MARC details
000 -CABECERA
campo de control de longitud fija 00765nam a2200241Ia 4500
001 - NÚMERO DE CONTROL
campo de control dia_2009
003 - IDENTIFICADOR DEL NÚMERO DE CONTROL
campo de control CHAP
005 - FECHA Y HORA DE LA ÚLTIMA TRANSACCIÓN
campo de control 20230614101851.0
008 - DATOS DE LONGITUD FIJA--INFORMACIÓN GENERAL
campo de control de longitud fija 220117s1962 xx 000 0 und d
010 ## - NÚMERO DE CONTROL DE LA BIBLIOTECA DEL CONGRESO
Número de control de LC 172547
040 ## - FUENTE DE LA CATALOGACIÓN
Centro/agencia transcriptor CHAP
082 ## - NÚMERO DE LA CLASIFICACIÓN DECIMAL DEWEY
Número de clasificación 634.6 C42
100 ## - ENTRADA PRINCIPAL--NOMBRE DE PERSONA
Nombre de persona Chandler, William Henry
9 (RLIN) 21834
245 ## - MENCIÓN DE TÍTULO
Título Frutales de Hoja Perenne /
Mención de responsabilidad, etc. por William Henry Chandler, traducido al Español por José Luis de la Loma
250 ## - MENCIÓN DE EDICIÓN
Mención de edición 2
260 ## - PUBLICACIÓN, DISTRIBUCIÓN, ETC.
Lugar de publicación, distribución, etc. México :
Nombre del editor, distribuidor, etc. UTEHA,
Fecha de publicación, distribución, etc. 1962
300 ## - DESCRIPCIÓN FÍSICA
Extensión 666 p.
600 ## - PUNTO DE ACCESO ADICIONAL DE MATERIA--NOMBRE DE PERSONA
Nombre de persona 1.Fruticultura/ 2. Frutos cítricos/ 3.Frutos tropicales. i.t. II. Loma, José Luis de la, trad.
9 (RLIN) 152053
901 ## - ELEMENTOS DE DATOS A LOCAL LDA (RLIN)
a 634.6 C42
902 ## - ELEMENTOS DE DATOS B LOCAL, LDB (RLIN)
a M
905 ## - ELEMENTOS DE DATOS E LOCAL, LDE (RLIN)
a 0000001962 MX X 0000000000SPA00
942 ## - ELEMENTOS DE PUNTO DE ACCESO ADICIONAL (KOHA)
Tipo de ítem Koha Libro
Fuente del sistema de clasificación o colocación Dewey Decimal Classification
Holdings
Estado de retiro Estado de pérdida Fuente del sistema de clasificación o colocación Estado dañado No para préstamo Código de colección Localización permanente Ubicación/localización actual Fecha de adquisición Información codificada de la localización en otra ubicación Total de préstamos Signatura topográfica completa Código de barras Fecha visto por última vez Fecha del último préstamo Número de copia Precio válido a partir de Tipo de ítem Koha
    Dewey Decimal Classification     General Ingenieria Agroindustrial Ingenieria Agroindustrial 18/01/2022 1 2 634.6 C42 dia_692 12/08/2024 12/08/2024 1 18/01/2022 Libro